| 000 -ლიდერი |
| ფიქსირებული სიგრძის საკონტროლო ველი |
02233nam a2200313Ia 4500 |
| 001 - საკონტროლო ნომერი |
| საკონტროლო ველი |
20538 |
| 003 - საკონტროლო ნომრის იდენტიფიკატორი |
| საკონტროლო ველი |
GE_BSU |
| 005 - ბოლო ოპერაციის თარიღი და დრო |
| საკონტროლო ველი |
20210120220222.0 |
| 008 - ფიქსირებული სიგრძის მონაცემთა ელემენტები - ზოგადი ინფორმაცია |
| ფიქსირებული სიგრძის საკონტროლო ველი |
181216s2015||||ge |||||||||||||| ||geo|| |
| 020 ## - წიგნის საერთაშორისო სტანდარტული ნომერი |
| International Standard Book Number |
9789941134395 |
| 040 ## - კატალოგიზაციის წყარო |
| Transcribing agency |
GE_BSU |
| 041 ## - ენის კოდი |
| Language code of text/sound track or separate title |
geo |
| 080 ## - უნივერსალური ათობითი კლასიფიკაციის ინდექსი |
| Universal Decimal Classification number |
327(100)(09) ქ-51 |
| 100 ## - მთავარი ჩანაწერი - პიროვნების სახელი |
| Personal name |
ქილორი, უილიამ რ. |
| 9 (RLIN) |
10057 |
| 245 ## - ცნობა სათაურის შესახებ |
| Title |
მეოცე საუკუნის მსოფლიო : საერთაშორისო ისტორია 1900 წლიდან = The Twentieth - Century World and Beyond : An International History Since 1900 / |
| Statement of responsibility, etc |
უილიამ რ. ქილორი ; მთარგმნელები : თამარ ხუნწარია, ბიძინა ვახიშვილი ; სამეც. რედ. : ალექსანდრე რონდელი, ეკატერინე მეტრეველი. |
| 250 ## - გამოცემის ცნობა |
| Edition statement |
მე-6 გამოცემა |
| 264 ## - წარმოების, გამოცემის, დისტრიბუციის და სხვა ცნობები |
| გამოცემის, წარმოების, დისტრიბუციის... ადგილი |
თბილისი : |
| გამოცემის, წარმოების, დისტრიბუციის... სახელწოდება |
ჯავახიშვილის სახ. თბილისის სახელმწ. უნ-ტი, |
| გამოცემის, წარმოების, დისტრიბუციის... თარიღი |
2015. |
| 300 ## - ფიზიკური აღწერა |
| Extent |
884 გვ. : |
| Other physical details |
ილ. |
| Dimensions |
26 სმ. |
| Accompanying material |
რუკები |
| 300 ## - ფიზიკური აღწერა |
| Dimensions |
ბიბლიოგრ.: გვ. 855-883. |
| 501 ## - შენიშვნა თანმხლებ მასალაზე |
| With note |
გარეკანზე კარლო კაჭარავას ტილო ”მეფეთა გარყვნილება” |
| 501 ## - შენიშვნა თანმხლებ მასალაზე |
| With note |
დამატებითი სატიტულო გვერდი ინგლისურ ენაზე |
| 504 ## - BIBLIOGRAPHY, ETC. NOTE |
| Bibliography, etc |
ბიბლიოგრ. : გვ. 855-883 |
| 653 ## - INDEX TERM--UNCONTROLLED |
| Uncontrolled term |
საერთაშორისო ურთიერთობების ისტორია |
| 700 ## - ADDED ENTRY--PERSONAL NAME |
| Personal name |
ხუნწარია, თამარ |
| Relator term |
მთარგმნელი |
| 9 (RLIN) |
10058 |
| 700 ## - ADDED ENTRY--PERSONAL NAME |
| Personal name |
ჯავახიშვილი, ბიძინა |
| Relator term |
მთარგმნელი |
| 9 (RLIN) |
10059 |
| 700 ## - ADDED ENTRY--PERSONAL NAME |
| Personal name |
რონდელი, ალექსანდრე |
| Relator term |
სამეცნიერო რედაქტორი |
| 9 (RLIN) |
1936 |
| 700 ## - ADDED ENTRY--PERSONAL NAME |
| Personal name |
მეტრეველი, ეკატერინე |
| Relator term |
სამეცნიერო რედაქტორი |
| 9 (RLIN) |
10060 |
| 942 ## - ADDED ENTRY ELEMENTS (KOHA) |
| Koha item type |
წიგნი |
| Source of classification or shelving scheme |
|